| 000 | 01498nam a22003734a 4500 | ||
|---|---|---|---|
| 001 | ebr10197216 | ||
| 003 | CaPaEBR | ||
| 006 | m u | ||
| 007 | cr cn||||||||| | ||
| 008 | 040514s2004 gw a sb 000 0 eng | ||
| 010 | _z 2004011405 | ||
| 016 | 7 |
_z971668132 _2GyFmDB |
|
| 020 | _z311018186X (pbk. : acid-free paper) | ||
| 040 |
_aCaPaEBR _cCaPaEBR |
||
| 035 | _a(OCoLC)232160080 | ||
| 050 | 1 | 4 |
_aQA613.2 _b.I54 2004eb |
| 072 | 7 |
_aC _2lcco |
|
| 082 | 0 | 4 |
_a512/.55 _222 |
| 245 | 0 | 0 |
_aInfinite dimensional groups and manifolds _h[electronic resource] / _ceditor Tilmann Wurzbacher. |
| 260 |
_aBerlin ; _aNew York : _bWalter de Gruyter, _cc2004. |
||
| 300 |
_aviii, 248 p. : _bill. |
||
| 490 | 1 |
_aIRMA lectures in mathematics and theoretical physics ; _v5 |
|
| 504 | _aIncludes bibliographical references. | ||
| 533 |
_aElectronic reproduction. _bPalo Alto, Calif. : _cebrary, _d2013. _nAvailable via World Wide Web. _nAccess may be limited to ebrary affiliated libraries. |
||
| 650 | 0 | _aInfinite-dimensional manifolds. | |
| 650 | 0 | _aInfinite dimensional Lie algebras. | |
| 650 | 0 | _aDifferential equations, Partial. | |
| 650 | 0 | _aQuantum field theory. | |
| 655 | 7 |
_aElectronic books. _2local |
|
| 700 | 1 |
_aWurzbacher, Tilman, _d1961- |
|
| 710 | 2 | _aebrary, Inc. | |
| 830 | 0 |
_aIRMA lectures in mathematics and theoretical physics ; _v5. |
|
| 856 | 4 | 0 |
_uhttp://site.ebrary.com/lib/rucke/Doc?id=10197216 _zAn electronic book accessible through the World Wide Web; click to view |
| 999 |
_c117096 _d117096 |
||